000 00730nam a2200229 4500
003 LK-CoMWRAF
005 20231109123743.0
008 230819b2003 |||||||| |||| 00| 0 eng d
020 _a1842771477
040 _aLK-CoMWRAF
_dLK-CoMWRAF
_eLK-CoMWRAF
041 _aeng
082 _a306.2
_bNO
245 _aNo shortcuts to power:
_bAfrican women in politics and policy making
260 _aLondon:
_b Zed Books,
_c2003
300 _ax, 246 p. ; |22 cm.
_bIndex included
490 _aDemocratic transition in conflict-torn societies
_v3
650 _aWOMEN-POLITICAL ACTIVITY-SOUTH AFRICA
650 _aUganda -Politics and government
700 _aGoetz, Anne-Marie
_eed.
700 _aHassim, Shireen
_eed.
942 _cBK
999 _c3220
_d3220